[Event "Neubrandenburg-chB"]
[Site "Neubrandenburg"]
[Date "2022.04.11"]
[Round "5"]
[White "Raitza, Egon"]
[Black "Subocz, Gabriel"]
[Result "1/2-1/2"]
[WhiteElo "1631"]
[BlackElo "1102"]
[PlyCount "68"]
[EventDate "2022.04.09"]
[EventType "swiss"]
[EventRounds "7"]
[EventCountry "GER"]
[SourceTitle "CBM 207 Extra"]
[Source "ChessBase"]
[SourceDate "2022.05.31"]
[SourceVersion "1"]
[SourceVersionDate "2022.05.31"]
[SourceQuality "1"]

1. d4 Nf6 2. c4 g6 3. Nc3 Bg7 4. e4 d6 5. f3 0-0 6. Be3 e5 7. d5 Nh5 8. g4 Nf4 9. Nge2 g5 10. Qd2 a6 11. Ng3 Bd7 12. h3 Qe8 13. h4 f6 14. Qh2 h6 15. hxg5 fxg5 16. Nf5 Rf6 17. Be2 b5 18. c5 dxc5 19. Bxc5 a5 20. Rc1 Na6 21. Be3 b4 22. Bxf4 exf4 23. Nxg7 Kxg7 24. Bxa6 Raxa6 25. Ne2 c6 26. dxc6 Raxc6 27. 0-0 Qc8 28. Rxc6 Rxc6 29. Nd4 Rc1 30. Qd2 Rxf1+ 31. Kxf1 Qc4+ 32. Ke1 Bb5 33. Nxb5 Qxb5 34. Qd4+ Kh7 1/2-1/2

[Event "Neubrandenburg-chB"]
[Site "Neubrandenburg"]
[Date "2022.04.11"]
[Round "6"]
[White "Subocz, Gabriel"]
[Black "Wesener, Lorenz"]
[Result "1/2-1/2"]
[WhiteElo "1102"]
[BlackElo "1774"]
[PlyCount "80"]
[EventDate "2022.04.09"]
[EventType "swiss"]
[EventRounds "7"]
[EventCountry "GER"]
[SourceTitle "CBM 207 Extra"]
[Source "ChessBase"]
[SourceDate "2022.05.31"]
[SourceVersion "1"]
[SourceVersionDate "2022.05.31"]
[SourceQuality "1"]

1. e4 c5 2. Nf3 a6 3. c3 e6 4. d4 d5 5. exd5 exd5 6. Be2 Nf6 7. 0-0 Bd6 8. Bg5 Be6 9. Nbd2 h6 10. Bh4 Nbd7 11. Qc2 c4 12. Rfe1 0-0 13. b3 b5 14. Bf1 Qc7 15. Bg3 Rac8 16. b4 Bxg3 17. fxg3 Rfe8 18. Ne5 Ng4 19. Nxg4 Bxg4 20. Nf3 Bh5 21. Be2 Re7 22. Bf1 Rce8 23. Rxe7 Rxe7 24. Re1 Rxe1 25. Nxe1 Nf6 26. Nf3 Ne4 27. Nd2 Bg6 28. Nxe4 Bxe4 29. Qf2 a5 30. a3 axb4 31. axb4 Qa7 32. Qd2 Qa1 33. Kf2 f6 34. h3 Kf7 35. Be2 g5 36. Bf3 Qb1 37. g4 Ke6 38. Qe3 f5 39. gxf5+ Kxf5 40. Bxe4+ dxe4 1/2-1/2

[Event "Neubrandenburg-chB"]
[Site "Neubrandenburg"]
[Date "2022.04.10"]
[Round "3"]
[White "Wulff, Jens Peter"]
[Black "Subocz, Gabriel"]
[Result "0-1"]
[WhiteElo "1790"]
[BlackElo "1102"]
[PlyCount "98"]
[EventDate "2022.04.09"]
[EventType "swiss"]
[EventRounds "7"]
[EventCountry "GER"]
[SourceTitle "CBM 207 Extra"]
[Source "ChessBase"]
[SourceDate "2022.05.31"]
[SourceVersion "1"]
[SourceVersionDate "2022.05.31"]
[SourceQuality "1"]

1. d4 Nf6 2. Bf4 g6 3. Nd2 Bg7 4. c3 0-0 5. e4 d6 6. h3 Qe8 7. Be3 Nbd7 8. Bd3 b6 9. Ne2 e5 10. d5 Nc5 11. Bc2 c6 12. b4 Nb7 13. c4 b5 14. a4 bxc4 15. Nxc4 cxd5 16. exd5 Nh5 17. 0-0 f5 18. Ra3 f4 19. Bc1 g5 20. g4 Nf6 21. Nc3 Qd8 22. Qf3 h5 23. Ne4 hxg4 24. Nxf6+ Qxf6 25. hxg4 Qh6 26. Qg2 Kf7 27. Rh3 Qf6 28. Rh5 Rh8 29. Qh3 Ke7 30. Rxh8 Bxh8 31. Qh7+ Qg7 32. Qxg7+ Bxg7 33. f3 Bd7 34. Bb3 Rc8 35. Nd2 Kf7 36. Ne4 Bf6 37. Ba3 Ke7 38. Kg2 a5 39. b5 Nc5 40. Nxd6 Kxd6 41. Rc1 Bd8 42. Rh1 Bb6 43. Rh6+ Kc7 44. d6+ Kb8 45. Bxc5 Bxc5 46. Bd5 Rd8 47. Rg6 Bc8 48. Rxg5 Bxd6 49. Rg7 Bf8 0-1